U.S. Cities by Picture - D - Statistics

General Stats
  • This quiz has been taken 52 times
  • The average score is 6 of 12
Answer Stats
Picture Answer % Correct
Dallas
94%
Detroit
86%
Denver
82%
Durham
67%
Dayton
51%
Dearborn
43%
Des Moines
35%
Deadwood
31%
Duluth
29%
{Daly} City
27%
Dover
22%
Downey
2%
No matching quizzes found
Score Distribution
Percent of People with Each Score
Percentile by Number Answered
Your Score History
You have not taken this quiz